<?xml version="1.0" encoding="UTF-8"?>
<collection xmlns="http://www.loc.gov/MARC21/slim">
  <record>
    <leader>00000nam  2200000   4500</leader>
    <controlfield tag="001">INLIS000000000020309</controlfield>
    <controlfield tag="005">20250611100056</controlfield>
    <datafield tag="035" ind1="#" ind2="#">
      <subfield code="a">0010-0625000051</subfield>
    </datafield>
    <controlfield tag="007">ta</controlfield>
    <controlfield tag="008">250611################|##########|#|##</controlfield>
    <datafield tag="084" ind1="#" ind2="#">
      <subfield code="a">R 0022 PKN I 2024</subfield>
    </datafield>
    <datafield tag="100" ind1=" " ind2="#">
      <subfield code="a">Yusep Fatria</subfield>
    </datafield>
    <datafield tag="245" ind1="1" ind2="#">
      <subfield code="a">Kebijakan Pembangunan Integritas Sebagai Upaya Akselerasi Reformasi Birokrasi Di Lingkungan Kementerian Desa, Pembangunan Daerah Tertinggal, dan Transmigrasi /</subfield>
      <subfield code="c">Yusep Fatria</subfield>
    </datafield>
    <datafield tag="260" ind1="#" ind2="#">
      <subfield code="a">Jakarta :</subfield>
      <subfield code="b">Pusbangkom Pimnas dan Manajerial ASN,</subfield>
      <subfield code="c">2024</subfield>
    </datafield>
    <datafield tag="300" ind1="#" ind2="#">
      <subfield code="a">65 hlm. ;</subfield>
      <subfield code="c">30 cm</subfield>
    </datafield>
    <datafield tag="650" ind1="#" ind2="4">
      <subfield code="a">Reformasi Birokrasi</subfield>
    </datafield>
    <datafield tag="520" ind1="#" ind2="#">
      <subfield code="a">Pembangunan integritas dilandasi oleh nilai-nilai dasar ASN BerAKHLAK yang didukung penuh dengan komitmen pimpinan untuk menjadi teladan. Dalam hal ini, pembangunan integritas menggunakan model 3 lini, yakni lini pertama pada seluruh manajemen Unit Kerja Eselon I (UKE 1) baik pejabat maupun pegawai. Lini kedua, adalah Unit Kepatuhan Internal pada UKE 1, dan Lini ketiga adalah Inspektorat Jenderal sebagai lembaga pengawasan. Ketiga Lini tersebut berkolaborasi membangun integritas melalui serangkai kegiatan dalam 4 tahap, yakni pencegahan, deteksi, respon, dan monev.</subfield>
    </datafield>
    <datafield tag="990" ind1="#" ind2="#">
      <subfield code="a">2024/1.2.1/A/0022</subfield>
    </datafield>
  </record>
</collection>
